Dialéctica sin Dogma : (Record no. 43595)
[ view plain ]
| 000 -CABECERA | |
|---|---|
| campo de control de longitud fija | 00748nam a2200193 a 4500 |
| 001 - NÚMERO DE CONTROL | |
| campo de control | 000044106 |
| 005 - FECHA Y HORA DE LA ÚLTIMA TRANSACCIÓN | |
| campo de control | 20201002045142.0 |
| 008 - DATOS DE LONGITUD FIJA--INFORMACIÓN GENERAL | |
| campo de control de longitud fija | 140516s1967 sp 000 0 spa d |
| 040 ## - FUENTE DE LA CATALOGACIÓN | |
| Centro catalogador/agencia de origen | DO-SdBNP |
| Lengua de catalogación | spa |
| Centro/agencia transcriptor | BNPHU |
| 100 1# - ENTRADA PRINCIPAL--NOMBRE DE PERSONA | |
| Nombre de persona | Havemann, Robert |
| 9 (RLIN) | 72101 |
| 240 10 - TÍTULO UNIFORME | |
| Título uniforme | Dialektik ohne dogma? |
| Lenguaje de la obra | español |
| 245 10 - MENCIÓN DE TÍTULO | |
| Título | Dialéctica sin Dogma : |
| Resto del título | ciencia natural y concepción del mundo / |
| Mención de responsabilidad, etc. | Robert Havemann; traducción de Manuel Sacristán. |
| 260 ## - PUBLICACIÓN, DISTRIBUCIÓN, ETC. | |
| Lugar de publicación, distribución, etc. | Barcelona : |
| Nombre del editor, distribuidor, etc. | Ariel, |
| Fecha de publicación, distribución, etc. | 1967. |
| 300 ## - DESCRIPCIÓN FÍSICA | |
| Extensión | 256 p. ; |
| Dimensiones | 23 cm. |
| 490 1# - MENCIÓN DE SERIE | |
| Mención de serie | Horas de EspañaZetein-Estudios y ensayos |
| 504 ## - NOTA DE BIBLIOGRAFÍA, ETC. | |
| Nota de bibliografía, etc. | Incluye referencias bibliográficas y notas al pie de las páginas |
| 700 12 - PUNTO DE ACCESO ADICIONAL--NOMBRE DE PERSONA | |
| Nombre de persona | Sacristán, Manuel |
| Término indicativo de función/relación | tr. |
| 9 (RLIN) | 60943 |
| 830 #0 - PUNTO DE ACCESO ADICIONAL DE SERIE-TÍTULO UNIFORME | |
| Título uniforme | Horas de EspañaZetein-Estudios y ensayos |
| 9 (RLIN) | 72102 |
| Estado de retiro | Estado de pérdida | Restricciones de uso | No para préstamo | Código de colección | Localización permanente | Ubicación/localización actual | Ubicación en estantería | Fecha de adquisición | Número de inventario | Total de préstamos | Signatura topográfica completa | Código de barras | Fecha visto por última vez | Precio válido a partir de | Tipo de ítem Koha |
|---|---|---|---|---|---|---|---|---|---|---|---|---|---|---|---|
| Monografías: Libros y Folletos | General | General | Orden iniciada | 16.05.2014 | LF1 | 44106-10 | 25.06.2020 | 25.06.2020 | No se presta |
